Osobitné formy vyplácania zisku v akciovej spoločnosti

Rozdeľovanie zisku akciovej spoločnosti medzi akcionárov. Pojem dividenda. Naturálna dividenda. Akciová dividenda. Spätný nákup akcií.

Uložené v:
Podrobná bibliografia
Hlavný autor: Hodál, Matej
Médium: Kapitola
Jazyk:Slovak
Predmet:
Tagy: Pridať tag
Žiadne tagy, Buďte prvý, kto otaguje tento záznam!

MARC

LEADER 00000nla$a2200000$$$4500
001 0125222
005 20240502083317.5
041 0 |a slo 
044 |a CZ 
245 1 0 |a Osobitné formy vyplácania zisku v akciovej spoločnosti  |c Matej Hodál 
520 |a Rozdeľovanie zisku akciovej spoločnosti medzi akcionárov. Pojem dividenda. Naturálna dividenda. Akciová dividenda. Spätný nákup akcií. 
610 2 0 |a spoločnosti akciové 
610 2 0 |a dividendy 
610 2 0 |a akcie 
610 2 0 |a rozdeľovanie zisku 
610 2 0 |a Slovensko 
100 1 |a Hodál, Matej